| 000 | 00425nam a2200169Ia 4500 | ||
|---|---|---|---|
| 008 | 231217s9999 xx 000 0 und d | ||
| 020 | _a8176353256 | ||
| 041 | _aEnglish | ||
| 082 | _a001.6424JAV GOO;2 R1 | ||
| 100 | _aGoodwill, James. | ||
| 245 | 0 | _aDeveloping java servlets | |
| 250 | _a1st ed. | ||
| 260 |
_c1999 _bTechmedia _aNew Delhi |
||
| 300 | _avii+515 | ||
| 650 | _aDeveloping,java,servlets | ||
| 942 | _cAA | ||
| 999 |
_c196555 _d196555 |
||